A Text book of Engineering Mechanics (Record no. 38029)

MARC details
000 -LEADER
fixed length control field 00319nam a22001457a 4500
082 ## - DEWEY DECIMAL CLASSIFICATION NUMBER
Classification number 620.3 BEN
100 ## - MAIN ENTRY--AUTHOR NAME
Personal name Benjamin J
245 ## - TITLE STATEMENT
Title A Text book of Engineering Mechanics
250 ## - EDITION STATEMENT
Edition statement 1
260 ## - PUBLICATION, DISTRIBUTION, ETC. (IMPRINT)
Name of publisher New Pentex
Place of publication Kollam
Year of publication 2024
546 ## - LANGUAGE NOTE
Language note English
650 ## - SUBJECT ADDED ENTRY--TOPICAL TERM
Topical Term ME
942 ## - ADDED ENTRY ELEMENTS (KOHA)
Koha item type Text Book
952 ## - LOCATION AND ITEM INFORMATION (KOHA)
Damaged status
Not for loan
952 ## - LOCATION AND ITEM INFORMATION (KOHA)
Damaged status
Not for loan
952 ## - LOCATION AND ITEM INFORMATION (KOHA)
Damaged status
Not for loan
952 ## - LOCATION AND ITEM INFORMATION (KOHA)
Damaged status
Not for loan
952 ## - LOCATION AND ITEM INFORMATION (KOHA)
Damaged status
Not for loan
952 ## - LOCATION AND ITEM INFORMATION (KOHA)
Damaged status
Not for loan
952 ## - LOCATION AND ITEM INFORMATION (KOHA)
Damaged status
Not for loan
952 ## - LOCATION AND ITEM INFORMATION (KOHA)
Damaged status
Not for loan
952 ## - LOCATION AND ITEM INFORMATION (KOHA)
Damaged status
Not for loan
952 ## - LOCATION AND ITEM INFORMATION (KOHA)
Damaged status
Not for loan
Holdings
Withdrawn status Collection code Permanent Location Current Location Date acquired Source of acquisition Cost, normal purchase price Inventory number Full call number Accession Number Price effective from Koha item type Shelving location
  Mechanical Engineering VAST Central Library VAST Central Library 14/11/2025 Minerva Books 275.00 85 620.3 BEN 38030 19/11/2025 Text Book  
  Mechanical Engineering VAST Central Library VAST Central Library 14/11/2025 Minerva Books 275.00 85 620.3 BEN 38031 19/11/2025 Text Book S-87/ME
  Mechanical Engineering VAST Central Library VAST Central Library 14/11/2025 Minerva Books 275.00 85 620.3 BEN 38032 19/11/2025 Text Book S-87/ME
  Mechanical Engineering VAST Central Library VAST Central Library 14/11/2025 Minerva Books 275.00 85 620.3 BEN 38033 19/11/2025 Text Book S-87/ME
  Mechanical Engineering VAST Central Library VAST Central Library 14/11/2025 Minerva Books 275.00 85 620.3 BEN 38034 19/11/2025 Text Book S-87/ME
  Mechanical Engineering VAST Central Library VAST Central Library 14/11/2025 Minerva Books 275.00 85 620.3 BEN 38035 19/11/2025 Text Book  
  Mechanical Engineering VAST Central Library VAST Central Library 14/11/2025 Minerva Books 275.00 85 620.3 BEN 38036 19/11/2025 Text Book S-87/ME
  Mechanical Engineering VAST Central Library VAST Central Library 14/11/2025 Minerva Books 275.00 85 620.3 BEN 38037 19/11/2025 Text Book  
  Mechanical Engineering VAST Central Library VAST Central Library 14/11/2025 Minerva Books 275.00 85 620.3 BEN 38038 19/11/2025 Text Book S-87/ME
  Mechanical Engineering VAST Central Library VAST Central Library 14/11/2025 Minerva Books 275.00 85 620.3 BEN 38039 19/11/2025 Text Book S-87/ME